000 00563nam a2200229Ia 4500
003 GCL
008 140319s9999 xx 000 0 eng d
040 _aGCL /
_cGCL
082 0 4 _a591.1
_bH A
100 1 _aHEATH, EVERETT
245 1 0 _aANATOMY AND PHYSIOLOGY OF TROPICAL LIVESTOCK /
_cHEATH, EVERETT
700 1 _aOLUSANGA, SEGUN
260 _a[S.N] :
_bELBS ،
_c1991
300 _a138 P
650 0 4 _aVETERINARY
650 0 4 _aANATOMY
650 0 4 _aPHYSIOLOGY
650 0 4 _aANIMALS
650 0 4 _aBIOLOGY
650 0 4 _aAGRICULTURE
942 _2ddc
_cBK
999 _c20400
_d20400